[Event "Meghalaya op 1st"]
[Site "Shillong"]
[Date "2023.12.15"]
[Round "4"]
[White "Gurung, Rahul"]
[Black "Abhrojyoty, Nath"]
[Result "1-0"]
[WhiteElo "2030"]
[BlackElo "1753"]
[PlyCount "124"]
[EventDate "2023.12.13"]
[EventType "swiss"]
[EventRounds "10"]
[EventCountry "IND"]
[SourceTitle "CB52_2023"]
[SourceDate "2023.12.27"]
[SourceVersion "1"]
[SourceVersionDate "2023.12.27"]
[SourceQuality "1"]

1. e4 c6 2. d4 d5 3. e5 Bf5 4. Nf3 e6 5. Be2 Nd7 6. 0-0 h6 7. Be3 Ne7 8. Nc3 Bh7 9. Bd3 Bxd3 10. Qxd3 Nf5 11. Ne2 Be7 12. Ng3 g6 13. a4 a5 14. b3 h5 15. Rfc1 Nxe3 16. fxe3 h4 17. Nf1 Rh5 18. c4 dxc4 19. bxc4 Bb4 20. Qe4 Qe7 21. Ne1 0-0-0 22. Nd3 c5 23. Nxb4 axb4 24. a5 Nb8 25. Nd2 Qc7 26. Nb3 Na6 27. Rf1 Kb8 28. Rac1 h3 29. g3 Ka7 30. Rf6 Rf5 31. Rxf5 gxf5 32. Qh4 Qc6 33. Qxh3 Qe4 34. Re1 cxd4 35. Qg2 Qxe5 36. Qd2 d3 37. Nd4 Rxd4 38. exd4 Qxd4+ 39. Qf2 Qxf2+ 40. Kxf2 Nc5 41. Ke3 b6 42. axb6+ Kxb6 43. h4 Ne4 44. h5 d2 45. Rd1 b3 46. Rxd2 Kc5 47. h6 Nf6 48. Kd3 e5 49. Kc3 Ne4+ 50. Kxb3 Nxd2+ 51. Kc2 Nxc4 52. h7 Kd4 53. h8Q Ne3+ 54. Kc1 Nd5 55. Kd2 f6 56. Qh4+ e4 57. Qh8 Ke5 58. Qb8+ Ke6 59. Kc2 Kf7 60. Kb3 Ne7 61. Kc4 Ng6 62. Qb7+ Ke6 1-0

[Event "Nahariagun op 21st"]
[Site "Nahariagun"]
[Date "2023.10.27"]
[Round "9"]
[White "Abhrojyoty, Nath"]
[Black "Mrinmoy, Rajkhowa"]
[Result "0-1"]
[WhiteElo "1696"]
[BlackElo "1710"]
[PlyCount "50"]
[EventDate "2023.10.21"]
[EventType "swiss"]
[EventRounds "9"]
[EventCountry "IND"]
[SourceTitle "Mega2024 Update 01"]
[Source "Chessbase"]
[SourceDate "2023.11.12"]
[SourceVersion "1"]
[SourceVersionDate "2023.11.12"]
[SourceQuality "1"]

1. e4 c5 2. Nf3 d6 3. d4 cxd4 4. Nxd4 Nf6 5. Nc3 a6 6. Be3 e5 7. Nb3 Be6 8. f3 h5 9. Qd2 Nbd7 10. 0-0-0 Rc8 11. Kb1 Be7 12. g3 b5 13. h3 Nb6 14. Na5 Qc7 15. Qf2 Na4 16. Nxa4 Qxa5 17. Nc3 Rxc3 18. bxc3 0-0 19. Bb6 Qa3 20. c4 bxc4 21. c3 Rb8 22. Rd2 Qxc3 23. Rc2 Qd4 24. Qxd4 exd4 25. Bxc4 Rxb6+ 0-1

[Event "IND-ch U13 35th"]
[Site "Puducherry"]
[Date "2022.12.13"]
[Round "5"]
[White "Abhrojyoty, Nath"]
[Black "Goutham Krishna, H."]
[Result "0-1"]
[WhiteElo "1640"]
[BlackElo "1896"]
[PlyCount "84"]
[EventDate "2022.12.11"]
[EventType "swiss"]
[EventRounds "11"]
[EventCountry "IND"]
[SourceTitle "EXT 2024"]
[Source "ChessBase"]
[SourceDate "2023.10.10"]
[SourceVersion "1"]
[SourceVersionDate "2023.10.10"]
[SourceQuality "1"]

1. e4 c5 2. Nf3 d6 3. d4 cxd4 4. Nxd4 Nf6 5. Nc3 a6 6. f3 e6 7. Be3 b5 8. Qd2 Bb7 9. 0-0-0 Nbd7 10. Nb3 d5 11. exd5 Nxd5 12. Nxd5 Bxd5 13. Bd4 Nf6 14. Qg5 h6 15. Qg3 Rc8 16. Bd3 Nh5 17. Qf2 Bd6 18. Kb1 0-0 19. Be4 Bxe4 20. fxe4 Qc7 21. g4 Nf4 22. h4 e5 23. Be3 Rfe8 24. Rhe1 Bb4 25. c3 Be7 26. Bb6 Qc4 27. Nd2 Qe6 28. Nf3 b4 29. cxb4 Bxb4 30. Rf1 Rb8 31. Bc7 Bc3 32. Bxb8 Rxb8 33. Rd2 Bxd2 34. Qxd2 Qc4 35. Re1 Nd3 36. Re3 Rxb2+ 37. Qxb2 Nxb2 38. Kxb2 Qf1 39. Kc2 Qf2+ 40. Kd3 Qxa2 41. g5 hxg5 42. hxg5 a5 0-1

[Event "IND-ch U13 35th"]
[Site "Puducherry"]
[Date "2022.12.13"]
[Round "4"]
[White "Arjun, Adireddy"]
[Black "Abhrojyoty, Nath"]
[Result "1/2-1/2"]
[WhiteElo "1980"]
[BlackElo "1640"]
[PlyCount "107"]
[EventDate "2022.12.11"]
[EventType "swiss"]
[EventRounds "11"]
[EventCountry "IND"]
[SourceTitle "EXT 2024"]
[Source "ChessBase"]
[SourceDate "2023.10.10"]
[SourceVersion "1"]
[SourceVersionDate "2023.10.10"]
[SourceQuality "1"]

1. e4 c6 2. d4 d5 3. Nc3 dxe4 4. Nxe4 Bf5 5. Ng3 Bg6 6. h4 h6 7. Nf3 Nd7 8. h5 Bh7 9. Bd3 Bxd3 10. Qxd3 Ngf6 11. Bf4 Nd5 12. Bd2 e6 13. c4 N5f6 14. 0-0-0 Be7 15. Bc3 Qc7 16. Ne5 Nxe5 17. dxe5 Nd7 18. f4 Nc5 19. Qe2 0-0 20. Bd4 Rfd8 21. Qe3 Na4 22. b3 c5 23. Ba1 Nb6 24. Ne4 Rxd1+ 25. Rxd1 Rd8 26. Rf1 Nd7 27. g4 b5 28. cxb5 c4 29. Qc3 Qb7 30. Nd6 Qg2 31. Rd1 cxb3 32. axb3 Nb6 33. g5 hxg5 34. f5 Nd5 35. Qc6 Qa2 36. Bb2 Qxb3 37. fxe6 fxe6 38. Rd2 g4 39. Ne4 Bb4 40. Qxe6+ Kh8 41. Rd4 Ba3 42. Bxa3 Qxa3+ 43. Kb1 Qb3+ 44. Ka1 Qa3+ 45. Kb1 Qe3 46. Nd6 Rxd6 47. Qc8+ Kh7 48. exd6 Qxd4 49. d7 Qd1+ 50. Kb2 Qd4+ 51. Kb1 Nb6 52. Qc2+ Kh8 53. Qc8+ Kh7 54. Qc2+ 1/2-1/2

[Event "Agartala Tripura Dutta Memorial 2nd"]
[Site "Agartala Tripura"]
[Date "2022.08.17"]
[Round "9"]
[White "Mayukh, Majumder1111"]
[Black "Abhrojyoty, Nath"]
[Result "1/2-1/2"]
[WhiteElo "1503"]
[BlackElo "1574"]
[PlyCount "78"]
[EventDate "2022.08.13"]
[EventType "swiss"]
[EventRounds "10"]
[EventCountry "IND"]
[SourceTitle "EXT 2023"]
[Source "ChessBase"]
[SourceDate "2022.10.05"]
[SourceVersion "1"]
[SourceVersionDate "2022.10.05"]
[SourceQuality "1"]

1. e4 c6 2. d4 d5 3. Nc3 dxe4 4. Nxe4 Nf6 5. Nxf6+ exf6 6. c3 Bd6 7. Bd3 0-0 8. Qc2 Re8+ 9. Ne2 h5 10. Be3 Nd7 11. 0-0-0 Nf8 12. h3 Qa5 13. Kb1 Be6 14. b3 Rac8 15. c4 h4 16. Nf4 Bd7 17. Rdg1 Ne6 18. Nxe6 Bxe6 19. Bd2 Qc7 20. Re1 Rcd8 21. Re4 f5 22. Re2 Bf4 23. Bc3 g6 24. Rhe1 Bh6 25. Qb2 Bg7 26. Rd1 Qh2 27. f3 Qf4 28. Bc2 Qb8 29. Red2 Bh6 30. Rd3 Qg3 31. d5 cxd5 32. cxd5 Bd7 33. Bf6 Rc8 34. Rd4 g5 35. Bd3 Re1 36. Be2 Rxd1+ 37. Bxd1 g4 38. Qe2 Re8 39. Qc2 Rc8 1/2-1/2